000 00478 a2200157 4500
003 OSt
005 20240109140256.0
008 240109b |||||||| |||| 00| 0 eng d
040 _coclc
082 _a297
_bMAD/Q
100 _aMadani, C Abdul Hameed
_94595
245 _aQur'an oru sathianyeshiyude mumbil /
_cCheriyamundam Abdul hameed Madani
260 _aKerala:
_bNiche of Truth,
_c2014.
300 _a54p
942 _2ddc
_cBK
_h297
_iMAD/Q
_k297
_mMAD/Q
999 _c43103
_d43103